000 00565nam a2200181Ia 4500
008 100917s9999 xx 000 0 und d
082 _b49552
100 _aदेवकुळे जयंत ग.
245 _aकनक आणि कामिनी
260 _bश्री विशाखा प्रकाशन
_c1977
300 _a174
365 _b14
520 _aकादंबरी
630 _aकनक आणि कामिनी
650 _aकादंबरी
730 _aकनक आणि कामिनी
942 _cBOOK
999 _c654946
_d654943